Time Magazine 2017 Covers Quiz Stats

 Plays Quiz Updated Jan 26, 2018

Challenge
Share
Tweet
Score 0/12 Timer 03:00
1 Play Today
% Correct
The 25 Best
Inventions of 2017
95.6%
Producer.
Predator.
Pariah.
94.4%
The Next
Leader of
Europe*
94.3%
Person of the Year
94%
Warning: We Are
Not Ready
91.1%
The
Genius
of
Snapchat
89.6%
Hate in
America
89.5%
The Good
Son
89.3%
Beyond
He or
She
86.9%
Game of Thrones
86.8%
The Resistance
Rises
63.3%
Dear Washington,
We Need to Rebuild
50.5%

You're not logged in!

Compare scores with friends on all Sporcle quizzes.
OR
Log In

You Might Also Like...

Show Comments

Extras

Top Quizzes Today


Score Distribution

Your Account Isn't Verified!

In order to create a playlist on Sporcle, you need to verify the email address you used during registration. Go to your Sporcle Settings to finish the process.

Report this User

Report this user for behavior that violates our Community Guidelines.

Details: